000 00917nam a2200265 a 4500
001 000048799
003 DO-SdBNP
005 20240710114450.0
008 190412s2016 dr 000 0 spa d
020 _a9789945890341
040 _aDO-SdBNP
_bspa
_cBNPHU
082 4 _222
_aRD863.5
_bR696a
100 1 _aRodríguez, Marcos
_929858
245 1 3 _aEl ángel reencarnado /
_cMarcos Rodríguez ; prólogo Geraldo Castillo Javier.
260 _aSanto Domingo, :
_bCentenario,
_c2016.
300 _a158 p. ;
_c22 cm.
500 _aIncluye datos biografícos del autor en la contraportada.
590 _aLa biblioteca posee 1 ejemplar autografíado por el autor.
590 _aInventariado, 2019/ YL
650 0 _aNovela dominicana
_9223
650 4 _aLiteratura dominicana
_979606
700 1 _aCastillo Javier, Gerardo,
_d1963-
_eprólogo
_91677
910 _aValidado. Control de calidad MFF
942 _2ddc
_cLBS1
999 _c48287
_d48287